00719nam a2200181 a 450000100100000000500170001000800410002702000140006804000250008208200150010710000250012224501540014725000120030126000580031330000360037195201130040799900170052000003547420200930074353.0111101s1923 xxu 000 0 spa d a096292023 aDO-SdBNPbspacBNPHU axxxxbxxxx1 aAndrews, Andy96134010aTormentas de perfección :ben las propias palabras de los triunfadores /cAndy Andrews ; traducido por Luis Bernal Lumpuy ; editor Robert D. Smith. a5a. ed. aEstados Unidos :bLightming Crown Publishers.,c1923. a168 p. :bil., retrs. ;c26 cm. 001050718MOaGRbGRcHDd2011-11-01iLF1l0oxxxx xxxxp35474-10r2020-06-25w2020-06-25y1ZNo se presta c34965d34965